Leadership and self-deception : Getting out of the box

Leadership and Self-Deception uses an entertaining story about an executive facing challenges at work and at home to expose the precise psychological processes that conceal our true motivations and intentions from us and trap us in a “box” of endless self-justification. Most importantly, the book sh...

Полное описание

Сохранить в:
Библиографические подробности
Формат:
Язык:Undetermined
Опубликовано: San Francisco Berrett-Koehler Publishers 2009
Предметы:
Метки: Добавить метку
Нет меток, Требуется 1-ая метка записи!
Thư viện lưu trữ: Trung tâm Học liệu Trường Đại học Cần Thơ
LEADER 01162nam a2200205Ia 4500
001 CTU_154762
008 210402s9999 xx 000 0 und d
020 |c 325000 
082 |a 658.4092 
082 |b L434 
245 0 |a Leadership and self-deception : 
245 0 |b Getting out of the box 
245 4 |c The Arbinger Institute 
260 |a San Francisco 
260 |b Berrett-Koehler Publishers 
260 |c 2009 
520 |a Leadership and Self-Deception uses an entertaining story about an executive facing challenges at work and at home to expose the precise psychological processes that conceal our true motivations and intentions from us and trap us in a “box” of endless self-justification. Most importantly, the book shows us the way out. The book’s central insight—that the key to leadership lays not in what we do, but in who we are—has proved to have powerful resonances not only for organizational leadership, but in readers’ personal lives as well. 
650 |a Khả năng lãnh đạo,Tự lừa dối,Leadership,Self-deception 
904 |i Trọng Hiếu 
980 |a Trung tâm Học liệu Trường Đại học Cần Thơ